Statistics for World Languages A-Z

Click here to take the quiz!

General Stats

  • This quiz has been taken 13,119 times
    (13,071 since last reset)
  • The average score is 18 of 26

Answer Stats

Clue Language % Correct
ALanguage of the QuranArabic
96%
G"Eins, zwei, drei" is how you'd count to threeGerman
94%
LLanguage of ancient RomeLatin
94%
HOfficial language of IsraelHebrew
92%
DAfrikaans is derived from this languageDutch
87%
CVariety of Chinese spoken in the Hong Kong regionCantonese
86%
IThe only Celtic language to be an official language of a countryIrish
84%
RRomance language spoken in a certain country in Eastern EuropeRomanian
79%
YJewish language that developed in Eastern EuropeYiddish
77%
VMost spoken language in IndochinaVietnamese
77%
JCan be written in Kana, Hiragana, and Kanji scriptsJapanese
76%
FWhat Jean Sibelius spoke. Known in its own language as SuomiFinnish
75%
BLanguage of northern Spain not closely related to any othersBasque
74%
ZMost spoken language in South AfricaZulu
70%
TDominant language of AnatoliaTurkish
69%
SLingua franca of Tanzania and KenyaSwahili
68%
KOfficial language of CambodiaKhmer
65%
NHas the most speakers of any Native American language in the United StatesNavajo
64%
USpoken in the city of OdessaUkrainian
63%
ECreated in 1887, it was intended to be a universal languageEsperanto
60%
PThis language of India and Pakistan is the most spoken that is not the
official language of any country
Punjabi
52%
WVariety of Chinese spoken in the Shanghai regionWu
52%
XNelson Mandela's mother tongueXhosa
41%
QThe main language of the Incan Empire, still spoken todayQuechua
30%
MOfficial language of MadagascarMalagasy
27%
OMost commonly-spoken language in EthiopiaOromo
12%

Score Distribution

Percentile by Number Answered

Percent of People with Each Score

Your Score History

You have not taken this quiz since the last reset